00402nam a2200157Ia 450000500170000000800410001704000190005804100120007708200160008924500330010526000410013830000160017965000250019565100140022085000100023420240802100531.0131103s9999 xx 000 0 und d aLoreto College aEnglish a822.33bSHA 4aThe Shakespearian properties aGreat BritainbJjarrold Colourc1967 a21p.b ill. aShakespeare, William aBiography aLCBED